00262 2200109 4500245005400000250001100054100002400065650001600089005001900105041001400124084001400138 aPERKAWINAN ADAT BETAWIcAdzra Aqilah WIdodohText aCet. 1 aAdzra Aqilah WIdodo aKarya Siswa a20250424083147 aIndonesia a081 ADZ p